01693cam a22003135a 45000010009000000050017000090080041000260200015000670200018000820400033001000820021001331110165001542450347003192600058006663000033007244900048007575040041008056500083008466500069009296500045009986510010010436530024010537000036010777000032011138560081011459420008012269990017012349520128012511270364120161010151947.0020314t2002 riua frb 100 0 eng d a082182807X a9780821828076 aDLCcDLCdDLCdEG-ScBUEbeng04a620.116222bFLU2 aAMS-IMS-SIAM Joint Summer Research Conference on Fluid Flow and Transport in Porous Media: Mathematical and Numerical Treatmentd(2001 :cMount Holyoke College)10aFluid flow and transport in porous media :bmathematical and numerical treatment : proceedings of an AMS-IMS-SIAM Joint Summer Research Conference on Fluid Flow and Transport in Porous Media, Mathematical and Numerical Treatment, June 17-21, 2001, Mount Holyoke College, South Hadley, Massachusetts /ceditors Zhangxin Chen, Richard E. Ewing. aProvidence :bAmerican Mathematical Society,cc.2002. aix, 524 p. :bill. ;c26 cm.1 aContemporary mathematics,x0271-4132 ;v295 aIncludes bibliographical references. 0aPorous materialsxPermeabilityxMathematical modelsvCongresses.2BUEsh941413 0aTransport theoryxMathematical modelsvCongresses.2BUEsh941414 0aFluid dynamicsvCongresses.2BUEsh94249 2BUEsh bENGGENcOctober20161 aChen, Zhangxin,d1962-eeditor.1 aEwing, Richard E.,eeditor.413Table of contents onlyuhttp://www.loc.gov/catdir/toc/fy0711/2002018626.html 2ddc c22496d22468 00102ddc40708BaccahaMAINbMAINc1STd2016-10-10ePurchaseg2200.00l0o620.116 FLUp000033971r2025-07-15 00:00:00yBB